|
|
|
|
| LEADER |
00630cam a2200169 7i4500 |
| 001 |
0000020749 |
| 005 |
20080228090000.0 |
| 020 |
0 |
0 |
|a 1-902339-61-4
|
| 090 |
0 |
0 |
|a UAE 338.7
|b EME
|
| 245 |
0 |
0 |
|a Emerging Sharjah 2007 :
|b The annual business economic political review.
|
| 260 |
0 |
0 |
|a London:
|b The Oxford Busimess Group,
|c 2007.
|
| 300 |
# |
# |
|a 102 p.
|
| 650 |
0 |
0 |
|a Business --
|z Sharjah,United Arab Emirates
|
| 650 |
0 |
0 |
|a Politics and goverment --
|z Sharjah,United Arab Emirates
|
| 650 |
0 |
0 |
|a Sharjah,United Arab Emirates --
|x Economic conditions
|
| 651 |
0 |
0 |
|a United Arab Emirates
|
| 999 |
|
|
|a 0000021760
|b Book
|c Countries
|e Business Information Centre
|